| 000 | 00590nam a2200193 u 4500 | ||
|---|---|---|---|
| 005 | 20210223130543.0 | ||
| 008 | 080724s2004 mx r 000 0 spa d | ||
| 020 | _a9700319679 | ||
| 035 | _aUPN01000158085 | ||
| 049 | _aI | ||
| 050 | 4 |
_aPZ21 _bA4.3 |
|
| 100 | 1 |
_aAnfousse, Ginette, _d1944- _932498 |
|
| 245 | 1 | 1 |
_a¡El jabón! / _cGinette Anfousse ; tr. Ma. Andrea Giovine. |
| 260 |
_aMéxico : _bCalandria, _c2004. |
||
| 300 |
_a23 p. : _bprincipalmente il. col. |
||
| 440 | 0 |
_aPrimeras lecturas para niños. _p4+ |
|
| 650 | 4 |
_aCUENTOS INFANTILES CANADIENSES _911112 |
|
| 905 | _aInfantil | ||
| 999 |
_c130199 _d130199 |
||